|
|
|
|
| LEADER |
00000nam0a2200000 4500 |
| 001 |
105464 |
| 005 |
20231101214619.0 |
| 010 |
|
|
|a 5170268602
|
| 035 |
|
|
|a (RuTPU)RU\TPU\book\113810
|
| 035 |
|
|
|a RU\TPU\book\109200
|
| 090 |
|
|
|a 105464
|
| 100 |
|
|
|a 20061116d2004 m y0rusy50 ca
|
| 101 |
0 |
|
|a rus
|
| 102 |
|
|
|a RU
|
| 105 |
|
|
|a y z 001ab
|
| 200 |
1 |
|
|a Путешествие из Петербурга в Москву
|f A. Н. Радищев
|g авт. предисл. Н. Эйдельман
|
| 210 |
|
|
|a Москва
|c АСТ
|d 2004
|
| 215 |
|
|
|a 235 с.
|
| 320 |
|
|
|a Примечания: с. 306-311.
|
| 320 |
|
|
|a Приложение: Замечания Екатерины II.
|
| 330 |
|
|
|a Настоящее издание кроме произведения А. Н. Радищева, изучаемого в школе, содержит дополнительные материалы в помощь школьникам: комментарии, критические и биографические материалы, темы и тезисные планы сочинений и пример одного из них. Адресуется учащимся старших классов.
|
| 600 |
|
1 |
|a Радищев
|g Александр Николаевич
|b А. Н.
|c русский мыслитель
|c писатель
|f 1749-1802
|2 stltpui
|3 (RuTPU)RU\TPU\pers\1365
|
| 610 |
1 |
|
|a художественная литература
|
| 610 |
1 |
|
|a русская литература
|
| 675 |
|
|
|a Р1
|v 3
|
| 700 |
|
1 |
|a Радищев
|b А. Н.
|c русский мыслитель
|c писатель
|f 1749-1802
|g Александр Николаевич
|2 stltpush
|3 (RuTPU)RU\TPU\pers\1365
|9 607
|
| 702 |
|
1 |
|a Эйдельман
|b Н.
|4 080
|
| 801 |
|
1 |
|a RU
|b 63413507
|c 20040629
|g PSBO
|
| 801 |
|
2 |
|a RU
|b 63413507
|c 20140602
|g PSBO
|
| 942 |
|
|
|c BK
|